Be bop a lula : (Registro nro. 8851)
[ vista simple ]
| 000 -LIDER | |
|---|---|
| fixed length control field | 00626nam a22002177a 4500 |
| 001 - NÚMERO DE CONTROL | |
| Identificador de número de control | 00260 |
| 003 - IDENTIFICACDOR DE NÚMERO DE CONTROL | |
| control field | DO-SdBNP |
| 005 - DATE AND TIME OF LATEST TRANSACTION | |
| control field | 20180307114506.0 |
| 008 - ELEMENTOS DE LONGITUD FIJA | |
| fixed length control field | 151120b 1985 sp xxu||||| |||| 00| 0 spa d |
| 020 ## - ISBN | |
| International Standard Book Number | 847245147X |
| 040 ## - FUENTE DE CATALOGACIÓN | |
| Agencia que crea de manera original el registro | BPMSU |
| Idioma de catalogación | spa |
| Agencia que realiza la transcripción | BPMSU |
| 092 ## - LOCALLY ASSIGNED DEWEY DECIMAL CALL NUMBER | |
| Número de clasificación | xxxxx |
| Número de ítem (Cutter) | xxxxx |
| 245 00 - MENCIÓN DE TITULO | |
| Título | Be bop a lula : |
| Subtítulo | biografía del rock / |
| Mención de responsabilidad | redacción: Luis Crespo ... et al. |
| 260 ## - PUBLICACIÓN, DISTRIBUCIÓN, ETC. (PIE DE IMPRENTA) | |
| Lugar de publicación, distribución, etc | Barcelona : |
| Nombre del editor, distribuidor, etc. | Caixa de Pensions : Kairós, |
| Fecha de publicación, distribución, etc | 1985. |
| 300 ## - DESCRIPCIÓN FÍSICA | |
| Extensión | 109 p. : |
| Otros detalles físicos | il. ; |
| Dimensiones | 30 cm. |
| 700 12 - ASIENTO SECUNDARIO -- NOMBRE PERSONAL | |
| Nombre personal | Crespo, Lluís |
| 910 ## - VALIDACIÓN | |
| Validación | 00260 |
| 942 ## - ADDED ENTRY ELEMENTS (KOHA) | |
| Source of classification or shelving scheme | Dewey Decimal Classification |
| Koha item type | Libros |
| 945 ## - INFORMACIÓN DE PROCESAMIENTO LOCAL | |
| Información de procesamiento local | inventariado, 2018 / dg |
| 956 ## - LOCAL ELECTRONIC LOCATION AND ACCESS (OCLC) | |
| Nombre de host | Lorenza Pérez |
| Número de acceso | 10 |
| Withdrawn status | Lost status | Source of classification or shelving scheme | Damaged status | Not for loan | Home library | Current library | Date acquired | Source of acquisition | Total Checkouts | Barcode | Date last seen | Price effective from | Koha item type |
|---|---|---|---|---|---|---|---|---|---|---|---|---|---|
| Dewey Decimal Classification | Biblioteca Pública Metropolitana Salomé Ureña | Biblioteca Pública Metropolitana Salomé Ureña | 11/20/2015 | Donación | BPMSU15110423 | 11/20/2015 | 11/20/2015 | Libros |